Bienestar docente. Estrategias para una vida emocionalmente más saludable en el trabajo del profesor (Record no. 207568)
[ view plain ]
| 000 -CABECERA | |
|---|---|
| campo de control de longitud fija | 01431cab a2200289 ab4500 |
| 005 - FECHA Y HORA DE LA ÚLTIMA TRANSACCIÓN | |
| campo de control | 20250828140056.0 |
| 008 - ELEMENTOS DE LONGITUD FIJA--INFORMACIÓN GENERAL | |
| campo de control de longitud fija | 991125c2016 mx qr p o 000 0 spa d |
| 035 ## - NÚMERO DE CONTROL DEL SISTEMA | |
| Número de control de sistema | UPN01000235473 |
| 040 ## - FUENTE DE LA CATALOGACIÓN | |
| Centro catalogador/agencia de origen | MX-MxUPN |
| Lengua de catalogación | spa |
| Centro/agencia transcriptor | MX-MxUPN |
| Normas de descripción | aacr2 |
| 049 ## - COLECCIÓN | |
| Colección | ART-E |
| 100 1# - ASIENTO PRINCIPAL--NOMBRE PERSONAL | |
| Nombre de persona | Bermejo Toro, Laura |
| Enlace | - lbtoro@comillas.edu |
| 222 #0 - TÍTULO CLAVE | |
| Título clave | REVISTA PADRES Y MAESTROS |
| 245 00 - MENCIÓN DE TÍTULO | |
| Título | Bienestar docente. Estrategias para una vida emocionalmente más saludable en el trabajo del profesor |
| Medio | [recurso electrónico en línea] |
| 260 ## - PUBLICACIÓN, DISTRIBUCIÓN, ETC. | |
| Lugar de publicación, distribución, etc. | Madrid, España |
| 506 0# - NOTA DE RESTRICCIONES AL ACCESO | |
| Limitaciones de acceso | Acceso abierto |
| 520 3# - NOTA DE RESUMEN, ETC. | |
| Sumario, etc. | En este artículo se describen algunos de los estresores presentes en el trabajo docente, así como el síndrome de burnout en el profesor y su opuesto, el engagement en el trabajo, como las dos caras de la moneda de cara a describir los procesos de bienestar docente. Por último, se detallan algunas de las estrategias de afrontamiento que fomentan dicho bienestar. Padres y maestros. |
| 650 #2 - ASIENTO SECUNDARIO DE MATERIA - TERMINO TEMATICO | |
| Término de materia o nombre geográfico como elemento de entrada | Síndrome de Burnout |
| 9 (RLIN) | 19292 |
| 653 0# - TERMINO DE INDIZACION - NO CONTROLADO | |
| Término no controlado | Estrategias de afrontamiento |
| 653 0# - TERMINO DE INDIZACION - NO CONTROLADO | |
| Término no controlado | Bienestar docente |
| 653 0# - TERMINO DE INDIZACION - NO CONTROLADO | |
| Término no controlado | Engagement |
| 773 ## - ENLACE AL DOCUMENTO FUENTE/ENTRADA DE REGISTRO ANFITRIÓN | |
| Parte(s) relacionada(s) | No. 368, (2016), p. 18-23 |
| Título | Revista padres y maestros |
| Número Internacional Normalizado para Publicaciones Seriadas | 2255-1042 |
| 856 4# - LOCALIZACIÓN Y ACCESO ELECTRÓNICOS | |
| Identificador Uniforme del Recurso | <a href="https://revistas.comillas.edu/index.php/padresymaestros/article/view/7517/7341">https://revistas.comillas.edu/index.php/padresymaestros/article/view/7517/7341</a> |
| 856 4# - LOCALIZACIÓN Y ACCESO ELECTRÓNICOS | |
| Identificador Uniforme del Recurso | <a href="https://doi.org/10.14422/pym.i368.y2016.003">https://doi.org/10.14422/pym.i368.y2016.003</a> |
| 902 ## - ELEMENTOS DE DATOS B LOCAL, LDB (RLIN) | |
| Creó | Leonor Sotres/280825 |
| 905 ## - TIPO DE MATERIAL | |
| Tipo de material | Articulo |
| 942 ## - ELEMENTOS DE PUNTO DE ACCESO ADICIONAL (KOHA) | |
| Tipo de ítem Koha | Artículo Electrónico |
| Estado de retiro | Estado de pérdida | Estado dañado | No para préstamo | Código de colección | Localización permanente | Ubicación/localización actual | Ubicación en estantería | Fecha de adquisición | Total de préstamos | Fecha visto por última vez | Identificador Uniforme del Recurso | Precio válido a partir de | Tipo de ítem Koha |
|---|---|---|---|---|---|---|---|---|---|---|---|---|---|
| Acceso abierto | Bib. Gregorio Torres Quintero | Bib. Gregorio Torres Quintero | En línea | 28/08/2025 | 28/08/2025 | https://doi.org/10.14422/pym.i368.y2016.003 | 28/08/2025 | Artículo Electrónico |
